LEADER 01471nam a2200313 4500 001 000000352933 003 CaOOAMICUS 005 20230223115200.0 008 230213s2008 it a 000 u ita r 020 $a978-88-7928-968-9$q1. rist. 040 $aSeMil$bita 100 1 $aVincent, Jean-Didier.$0(OLS)http://semarc/name/44572 240 10$aVojage extraordinaire au centre du cerveau.$0(OLS)http://semarc/title/442892 245 10$aViaggio straordinario al centro del cervello /$cJean-Didier Vincent ; traduzione di Laura De Tomasi e Monica Fiorini ; illustrazioni di François Durkheim. 264 1$aMilano :$bPonte alle Grazie,$c2008. 300 $a519 p. :$bill. ;$c21 cm 490 1 $aSaggi 650 4$aCervello - Fisiologia.$0(OLS)http://semarc/subject/6177 700 1 $aDe Tomasi, Laura.$0(OLS)http://semarc/name/117140 700 1 $aFiorini, Monica.$0(OLS)http://semarc/name/108971 700 1 $aDurkheim, François.$0(OLS)http://semarc/name/117141 830 0$aSaggi.$0(OLS)http://semarc/title/341 850 $aSeMil 852 $aSeMil$W1$xVenegono$y1$m3X I 230$j238775$B244155$CSeMilBibl$Z2$F244155 $81 961 $aConti don Gildo - Omaggio 996 $6020$a978-88-7928-968-9$q1. rist.$9(OLS)http://semarc/number/297649 996 $6245$aViaggio straordinario al centro del cervello$9(OLS)http://semarc/title/442893 996 $6264$aMilano :$bPonte alle Grazie$9(OLS)http://semarc/publisher/32034 LEADER 00929nam a2200253 i 4500 001 000000039937 003 CaOOAMICUS 005 20070522000000.0 008 070522s1973 it u000 u ita u 013 $a11093 020 $a88-06-03802-8 040 $aSeMil$bita 100 1 $aRigoni Stern, Mario,$d<1921-2008>.$0(OLS)http://semarc/name/19436 245 10$aRitorno sul Don /$cMario Rigoni Stern. 260 $aTorino :$bEinaudi,$ccopyr. 1973. 300 $a171 p. ;$c20 cm. 490 0 $aNuovi coralli ;$v63 830 0$aNuovi coralli ;$v63.$0(OLS)http://semarc/title/6905 850 $aSeMil 852 $aSeMil$W1$xVenegono$y1$m1O II 35$j6092$B6092$CSeMilBibl$Z2$F6092 $81 961 $aOmaggio: Serenthà don Mario 996 $6020$a88-06-03802-8$9(OLS)http://semarc/number/9839 996 $6245$aRitorno sul Don$9(OLS)http://semarc/title/57160 996 $6260$aTorino :$bEinaudi$9(OLS)http://semarc/publisher/29884